Statistics for Largest European Ethnic Groups in the USA

Click here to take the quiz!

General Stats

  • This quiz has been taken 238 times
  • The average score is 13 of 15

Answer Stats

PopulationGroup% Correct
45,879,360German
99%
17,174,741Italian
97%
37,093,550Irish
96%
2,795,443Russian
96%
24,426,623English
92%
8,151,499French
92%
9,344,126Polish
91%
3,908,762Swedish
88%
4,210,787Dutch
85%
1,367,476Portuguese
83%
5,457,798Scottish
77%
4,454,964Norwegian
76%
1,435,359Czech
68%
1,805,577Welsh
67%
1,423,144Hungarian
65%

Score Distribution

Percentile by Number Answered

Percent of People with Each Score

Your Score History

You have not taken this quiz